|
|
|
|
| LEADER |
00000cam a22000004a 4500 |
| 001 |
musev2_2237 |
| 003 |
MdBmJHUP |
| 005 |
20230905040310.0 |
| 006 |
m o d |
| 007 |
cr||||||||nn|n |
| 008 |
110614s2011 pau o 00 0 eng d |
| 010 |
|
|
|z 2011023303
|
| 020 |
|
|
|a 9780812204391
|
| 020 |
|
|
|z 9780812243475
|
| 035 |
|
|
|a (OCoLC)793012554
|
| 040 |
|
|
|a MdBmJHUP
|c MdBmJHUP
|
| 043 |
|
|
|a a-is---
|
| 050 |
0 |
4 |
|a DS119.76
|b .H3535 2011
|
| 082 |
0 |
|
|a 320.54095694089/9274
|2 23
|
| 100 |
1 |
|
|a Haklai, Oded,
|d 1972-
|
| 245 |
1 |
0 |
|a Palestinian Ethnonationalism in Israel /
|c Oded Haklai.
|
| 250 |
|
|
|a 1st ed.
|
| 264 |
|
1 |
|a Philadelphia :
|b University of Pennsylvania Press,
|c 2011.
|
| 264 |
|
3 |
|a Baltimore, Md. :
|b Project MUSE,
|c 2012
|
| 264 |
|
4 |
|c ©2011.
|
| 300 |
|
|
|a 1 online resource (256 pages).
|
| 336 |
|
|
|a text
|b txt
|2 rdacontent
|
| 337 |
|
|
|a computer
|b c
|2 rdamedia
|
| 338 |
|
|
|a online resource
|b cr
|2 rdacarrier
|
| 490 |
0 |
|
|a National and ethnic conflict in the 21st century
|
| 504 |
|
|
|a Includes bibliographical references (p. [207]-232) and index.
|
| 588 |
|
|
|a Description based on print version record.
|
| 650 |
|
0 |
|a Arab-Israeli conflict
|y 1993-
|
| 650 |
|
0 |
|a Palestinian Arabs
|z Israel
|x Government relations.
|
| 650 |
|
0 |
|a Palestinian Arabs
|x Government policy
|z Israel.
|
| 650 |
|
0 |
|a Palestinian Arabs
|x Political activity
|z Israel.
|
| 651 |
|
0 |
|a Israel
|x Ethnic relations.
|
| 651 |
|
0 |
|a Israel
|x Politics and government [MARC+97][MARC+86]ý 1993-
|
| 655 |
|
7 |
|a Electronic books.
|2 local
|
| 710 |
2 |
|
|a Project Muse.
|e distributor
|
| 830 |
|
0 |
|a National and ethnic conflict in the 21st century.
|
| 830 |
|
0 |
|a Book collections on Project MUSE.
|
| 856 |
4 |
0 |
|z Texto completo
|u https://projectmuse.uam.elogim.com/book/2237/
|
| 945 |
|
|
|a Project MUSE - Custom Collection
|
| 945 |
|
|
|a Project MUSE - 2011 Complete
|
| 945 |
|
|
|a Project MUSE - 2011 Political Science and Policy Studies
|